000 00809nam a2200277 4500
003 OSt
005 20260530115257.0
008 260506b2008 ge a|||| |||| 00| 0 eng d
040 _aICI
_bspa
_cICI
041 _aeng
050 _aNK957
_bM85
110 _aMujirushi Ryohin
_930623
245 1 0 _aMuji life /
_cMujirushi Ryohin
264 1 _aTokyo :
_bMUJI,
_c2008
300 _a152 páginas :
_bilustraciones a color
336 _atexto
_2rdacontent
337 _asin medio
_2rdamedia
338 _avolumen
_2rdacarrier
650 4 _aDiseño industrial
_zJapón
650 4 _aEstilo de vida
_zJapón
_930625
650 4 _aMinimalismo
_xDiseño
_930626
650 4 _aDiseño de productos
_zJapón
_930627
650 4 _aCultura del diseño
_930628
655 _2local
_aLibros ilustrados
942 _2lcc
_cBK
_n1
999 _c12652
_d12652